[Event "GER-ch U10"]
[Site "Willingen"]
[Date "2006.06.09"]
[Round "10"]
[White "Schroetter, Luisa"]
[Black "Grzeca, Carmen"]
[Result "1/2-1/2"]
[WhiteElo "748"]
[BlackElo "858"]
[PlyCount "31"]
[EventDate "2006.06.04"]
[EventType "swiss"]
[EventRounds "11"]
[EventCountry "GER"]
[SourceTitle "EXT 2007"]
[Source "ChessBase"]
[SourceDate "2006.11.23"]
[SourceVersion "1"]
[SourceVersionDate "2006.11.23"]
[SourceQuality "1"]

1. e4 e5 2. Nf3 Nc6 3. Bc4 Bc5 4. d3 Nf6 5. Nc3 0-0 6. Bg5 h6 7. Bxf6 Qxf6 8. Nd5 Qg6 9. Nxc7 Rb8 10. 0-0 d6 11. c3 Bh3 12. Nh4 Qg5 13. Qf3 Qxh4 14. Qxh3 Qxh3 15. gxh3 Bb6 16. Nd5 1/2-1/2

[Event "GER-ch U10"]
[Site "Willingen"]
[Date "2006.06.07"]
[Round "8"]
[White "Grzeca, Carmen"]
[Black "Garbere, Diana"]
[Result "1/2-1/2"]
[WhiteElo "858"]
[BlackElo "769"]
[PlyCount "53"]
[EventDate "2006.06.04"]
[EventType "swiss"]
[EventRounds "11"]
[EventCountry "GER"]
[SourceTitle "EXT 2007"]
[Source "ChessBase"]
[SourceDate "2006.11.23"]
[SourceVersion "1"]
[SourceVersionDate "2006.11.23"]
[SourceQuality "1"]

1. e4 e5 2. Nf3 Nc6 3. Nc3 Nf6 4. Nd4 Nxd4 5. Bc4 Nc6 6. 0-0 Nxe4 7. d3 Nxc3 8. bxc3 Bd6 9. Qf3 0-0 10. Qg3 e4 11. Qe3 Qh4 12. h3 Bf4 13. Qxe4 Re8 14. Qxf4 Qxf4 15. Bxf4 d6 16. Rfe1 Rd8 17. Re3 Bd7 18. Rg3 Bf5 19. Bh6 Bg6 20. Bg5 Re8 21. Bd5 Re2 22. Rb1 Rxc2 23. d4 Re8 24. Bc4 Rxc3 25. Rxc3 Bxb1 26. Rb3 Bxa2 27. Rc3 1/2-1/2

[Event "GER-ch U10"]
[Site "Willingen"]
[Date "2006.06.06"]
[Round "6"]
[White "Schulze, Tabea"]
[Black "Grzeca, Carmen"]
[Result "1-0"]
[WhiteElo "869"]
[BlackElo "858"]
[PlyCount "61"]
[EventDate "2006.06.04"]
[EventType "swiss"]
[EventRounds "11"]
[EventCountry "GER"]
[SourceTitle "EXT 2007"]
[Source "ChessBase"]
[SourceDate "2006.11.23"]
[SourceVersion "1"]
[SourceVersionDate "2006.11.23"]
[SourceQuality "1"]

1. e4 e5 2. Nf3 Nc6 3. Bc4 Bc5 4. c3 Nf6 5. d4 exd4 6. cxd4 Bb4+ 7. Nc3 Nxe4 8. 0-0 Bxc3 9. Bd5 Bb4 10. Bxe4 0-0 11. Bc2 h6 12. Qd3 g6 13. Bxh6 Re8 14. d5 Na5 15. Qd4 Bf8 16. Bxf8 Rxf8 17. d6 Nc6 18. Qf4 cxd6 19. Qh6 Qf6 20. Ng5 Qg7 21. Qh4 Nd4 22. Bd3 f5 23. Rfe1 f4 24. Bc4+ Ne6 25. Re4 Re8 26. Rxf4 Qh8 27. Qg4 Kg7 28. Rf7+ Kg8 29. Qe4 Nxg5 30. Qxg6+ Qg7 31. Qxg7# 1-0

[Event "GER-ch U10"]
[Site "Willingen"]
[Date "2006.06.05"]
[Round "5"]
[White "Grzeca, Carmen"]
[Black "Pueschel, Torben"]
[Result "0-1"]
[WhiteElo "858"]
[BlackElo "937"]
[PlyCount "90"]
[EventDate "2006.06.04"]
[EventType "swiss"]
[EventRounds "11"]
[EventCountry "GER"]
[SourceTitle "EXT 2007"]
[Source "ChessBase"]
[SourceDate "2006.11.23"]
[SourceVersion "1"]
[SourceVersionDate "2006.11.23"]
[SourceQuality "1"]

1. e4 e5 2. Nf3 Nc6 3. Bc4 Nf6 4. 0-0 Bc5 5. d3 0-0 6. Nc3 d6 7. h3 Nd4 8. Bg5 Be6 9. Bb3 a5 10. a4 h6 11. Bh4 c6 12. Nxd4 exd4 13. Ne2 g5 14. Bg3 d5 15. exd5 Bxd5 16. c3 dxc3 17. Nxc3 Bd4 18. Rc1 Re8 19. h4 Nh7 20. Qg4 Bxb3 21. Bf4 Be6 22. Qg3 Bg7 23. Bc7 Qd7 24. Be5 Bxe5 25. Qxe5 Bc4 26. Qg3 Bxd3 27. Rfd1 Rad8 28. Rd2 c5 29. b3 Re6 30. Rcd1 Rd6 31. Ne4 Rd5 32. hxg5 Bxe4 33. gxh6+ Kf8 34. Qg7+ Ke8 35. Re1 Qe6 36. Rde2 Rd1 37. Kf1 Bd3 38. Rxd1 Bxe2+ 39. Kg1 Rxd1+ 40. Kh2 Qd6+ 41. Qg3 Qxg3+ 42. Kxg3 Rh1 43. f3 Rxh6 44. Kf2 Bd1 45. g4 Bxb3 0-1